LEADER 01261nam a2200229 4500 001 000000332863 003 CaOOAMICUS 005 20190315150745.0 008 190315s1790 it 000 u ita r 026 $atie- a.e- s.oe bido (3) 1790 (R) 040 $aSeMil$bita 100 11$aVolpi, Benedetto.$0(OLS)http://semarc/name/109170 245 00$aStoria della celebre controversia di Crema sopra il pubblico divin diritto alla comunione eucaristica nella messa. Con una dissertazione sullo stesso argomento dell'abate d. Benedetto Volpi. 264 1$aIn Venezia :$bNella stamperia di Antonio Curti Q. Giacomo,$c1790. 300 $aVIII, 303, [1] p. ;$c8° 500 $aSegn.: *? A-T? 700 1 $aCurti, Antonio,$c.$0(OLS)http://semarc/name/14150 850 $aSeMil 852 $aSeMil$W1$xVenegono$y1$m3X I 41 FA$j211641$B225084$CSeMilBibl$Z2$F225084 $8I 996 $6245$aStoria della celebre controversia di Crema sopra il pubblico divin diritto alla comunione eucaristica nella messa. Con una dissertazione sullo stesso argomento dell'abate d. Benedetto Volpi$9(OLS)http://semarc/title/421992 996 $6264$aIn Venezia :$bNella stamperia di Antonio Curti Q. Giacomo$9(OLS)http://semarc/publisher/58153 LEADER 01207nam a2200265 i 4500 001 000000099259 003 CaOOAMICUS 005 20180323000000.0 008 180323s1987 it u000 u ita u 013 $a71411 020 $a88-384-2006-8 040 $aSeMil$bita 245 10$aDecreto sul rinnovamento della vita religiosa Perfectae caritatis /$cintroduzione e commento di Vincenzo Fagiolo. 260 $aCasale Monferrato (AL) :$bPiemme,$c1987. 300 $a108 p. ;$c21 cm. 490 0 $aConcilio Vaticano 2 ;$v7 650 4$aConcilio Vaticano II <1962-1965> - Decreti . Perfectae Caritatis.$0(OLS)http://semarc/subject/8384 700 1 $aFagiolo, Vincenzo,$d<1918-2020>.$0(OLS)http://semarc/name/12606 830 0$aConcilio Vaticano 2 ;$v7.$0(OLS)http://semarc/title/13688 850 $aSeMil 852 $aSeMil$W1$xVenegono$y1$m2A II 603$j56831$B56831$CSeMilBibl$Z2$F66770 $81 961 $aRecupero: Seminario di Seveso 996 $6020$a88-384-2006-8$9(OLS)http://semarc/number/79420 996 $6245$aDecreto sul rinnovamento della vita religiosa Perfectae caritatis$9(OLS)http://semarc/title/406457 996 $6260$aCasale Monferrato (AL) :$bPiemme$9(OLS)http://semarc/publisher/30052